Atlas cronológico de la historia y cultura marítima / (Record no. 180870)
[ view plain ]
| 000 -LEADER | |
|---|---|
| campo de control de longitud fija | 01045nam a2200265 i 4500 |
| 001 - NÚMERO DE CONTROL | |
| campo de control | 180870 |
| 003 - IDENTIFICADOR DE NÚMERO DE CONTROL | |
| campo de control | ES-MaACL |
| 005 - FECHA Y HORA DE LA ÚLTIMA TRANSACCIÓN | |
| campo de control | 20250815001711.0 |
| 008 - DATOS DE LONGITUD FIJA--INFORMACIÓN GENERAL | |
| campo de control de longitud fija | 120725s2011 sp ap |||| | spa d |
| 020 ## - NÚMERO INTERNACIONAL ESTÁNDAR DEL LIBRO | |
| Número Internacional Estándar del Libro | 978-84-614-9683-9 |
| 080 ## - NÚMERO DE LA CLASIFICACIÓN DECIMAL UNIVERSAL | |
| Número de la Clasificación Decimal Universal | 629.5(091) |
| 080 ## - NÚMERO DE LA CLASIFICACIÓN DECIMAL UNIVERSAL | |
| Número de la Clasificación Decimal Universal | 355.49(091) |
| 100 1# - ENTRADA PRINCIPAL--NOMBRE DE PERSONA | |
| Nombre de persona | Maestro, Manuel. |
| 9 (RLIN) | 75409 |
| 245 10 - MENCIÓN DEL TÍTULO | |
| Título | Atlas cronológico de la historia y cultura marítima / |
| Mención de responsabilidad, etc. | Manuel Maestro. |
| 260 ## - PUBLICACIÓN, DISTRIBUCIÓN, ETC. | |
| Lugar de publicación, distribución, etc. | Madrid : |
| Nombre del editor, distribuidor, etc. | Letras del Mar, |
| Fecha de publicación, distribución, etc. | [2011] |
| 300 ## - DESCRIPCIÓN FÍSICA | |
| Extensión | 711 p. : |
| Otras características físicas | il. ; |
| Dimensiones | 24 cm. |
| 504 ## - NOTA DE BIBLIOGRAFÍA, ETC. | |
| Nota de bibliografía, etc. | Bibliografía: p. 698-706. |
| 505 8# - NOTA DE CONTENIDO CON FORMATO | |
| Nota de contenido con formato | Contiene: Parte 1. Cronología: La historia y cultura marítima a través de los tiempos - Parte 2. Efemérides: La historia y la cultura marítima evocadas a diario |
| 650 07 - PUNTO DE ACCESO ADICIONAL DE MATERIA--TÉRMINO DE MATERIA | |
| Término de materia o nombre geográfico como elemento de entrada | Navegación- |
| Subdivisión de forma | Historia. |
| 9 (RLIN) | 15500 |
| 650 #7 - PUNTO DE ACCESO ADICIONAL DE MATERIA--TÉRMINO DE MATERIA | |
| Término de materia o nombre geográfico como elemento de entrada | Historia naval |
| Fuente del encabezamiento o término | embne |
| 9 (RLIN) | 142957 |
| 852 ## - LOCALIZACIÓN | |
| Ubicación | ES-MaACL |
| Número de control de estantería | A-12155 |
| itemnumber | 187747 |
| Sublocalización o colección | R.147056 |
| Ubicación en estantería | Depósito 1 |
| Signatura antigua | Olim: N-5160 |
| Nota libre | Dedicatoria autógrafa del autor |
| Encuadernación | Donación: Juan M. García |
| 903 ## - NOMBRE PERSONAL DE DONANTE | |
| a | Juan M. García |
| e | Donante |
| 942 ## - ELEMENTOS DE ENTRADA SECUNDARIOS (KOHA) | |
| Fuente del sistema de clasificación o colocación | Clasificación decimal universal |
| Tipo de ítem Koha | Libro impreso |
| Estatus retirado | Estado de pérdida | Fuente del sistema de clasificación o colocación | Estado de daño | No para préstamo | Colección | Biblioteca de origen | Biblioteca actual | Ubicación en estantería | Fecha de adquisición | Fuente de adquisición | Total de préstamos | Signatura topográfica completa | Código de barras | Visto por última vez | Precio de reemplazo | Tipo de ítem Koha | Nota pública |
|---|---|---|---|---|---|---|---|---|---|---|---|---|---|---|---|---|---|
| Clasificación decimal universal | Libros con dedicatorias | Biblioteca del Ateneo de Madrid | Biblioteca del Ateneo de Madrid | Depósito 1 | 25/07/2012 | Donación | A-12155 | 1190061 | 23/02/2023 | 23/02/2023 | Libro impreso | Dedicatoria autógrafa del autor |
